| 000 | 00505nam a2200157Ia 4500 | ||
|---|---|---|---|
| 008 | 170221s9999 xx 000 0 und d | ||
| 100 | _aChen, Bing. | ||
| 245 | _aCooperative Caching Placement in Cognitive Device-to-Device Networks | ||
| 245 | _cBing Chen, Hong Shen, and Xiaoxiao Cao. | ||
| 260 | _bJournal of Communications | ||
| 260 | _c2015 | ||
| 300 | _aXIII : 2 | ||
| 650 | _xCommunication | ||
| 650 | _xMedia Arts | ||
| 856 | _uhttp://www.jocm.us/index.php?m=content&c=index&a=lists&catid=158 | ||
| 999 |
_c308680 _d308680 |
||